[Event "Colombia Tierra de Atletas-B 2020"]
[Site "Medellin"]
[Date "2020.12.17"]
[Round "11.1"]
[White "Mateus, Alejandro"]
[Black "Heredia Serrano, Carla"]
[Result "1-0"]
[WhiteElo "2353"]
[BlackElo "2114"]
[Annotator "TA"]
[PlyCount "52"]
[EventDate "2020.12.10"]
[EventType "tourn"]
[EventCountry "COL"]
[SourceTitle "playchess.com"]
[Source "ChessBase"]
[SourceQuality "1"]

{[%evp 9,52,-29,-15,-65,-70,-69,-60,-59,-64,-58,-57,-122,-127,-162,-139,-161,-162,-161,-158,-193,-196,-183,-191,-185,-113,-184,-173,-166,-96,-97,-106,-102,-79,-91,-96,-137,-189,-180,0,-14,29995,29996,29996,29997,29997]} 1. e4 c6 2. Ne2 d5 3. e5 Bf5 4. Nd4 Bg6 5. h4 Qb6 {[#]} 6. h5 $146 {Hoping for Qg4. B10: Caro-Kann: 2 d3 and 2 c4.} ({Predecessor:} 6. c3 e6 7. h5 Bxb1 8. Rxb1 Bc5 9. Qg4 Kf8 10. Nxe6+ fxe6 11. d4 Nd7 12. Rh3 {1-0 (31) Teske,H (2517)-Sturm,T (2035) Hamburg 2013}) 6... Qxd4 7. hxg6 Qxe5+ 8. Be2 $1 {Black is slightly better.} fxg6 9. d4 Qf6 10. c3 (10. c4 $15) 10... Nd7 $17 11. Nd2 e5 12. Nf3 e4 13. Ng5 Nh6 14. Qb3 O-O-O $1 15. Be3 Bd6 16. g4 Rdf8 {[#]} (16... Rde8 $19 17. O-O-O Bf4) 17. Nh3 (17. Nxe4 $1 $17 {[%mdl 512]} dxe4 18. g5) 17... Qe6 $19 18. c4 {[#]} Kb8 ({Resist} 18... Nxg4 19. cxd5 cxd5 20. Ng5 $17) ({Black should try} 18... dxc4 $1 $19 19. Bxc4 Qxg4) 19. Ng5 $17 {[%cal Bh3g5,Bg5e6,Be6c7][%mdl 32]} Qe7 20. cxd5 cxd5 21. Qxd5 Bf4 22. Ne6 Bxe3 23. fxe3 {[#]} Qb4+ $2 (23... Rc8 $1 $19 {White must now prevent ...Rc6.} 24. Qb3 (24. Qxe4 Nf6 $17) 24... Rc6) 24. Kd1 $11 Qxb2 $2 {[%mdl 8192]} (24... Rf7 $11) 25. Qd6+ {[%mdl 64] Double Attack} Ka8 26. Nc7+ Kb8 {Weighted Error Value: White=0.21/Black=0.51} 1-0

[Event "Colombia Tierra de Atletas-B 2020"]
[Site "Medellin"]
[Date "2020.12.17"]
[Round "11.2"]
[White "Palencia Morales, Wilson Guillermo"]
[Black "Escobar Medina, Andres F"]
[Result "1/2-1/2"]
[WhiteElo "2340"]
[BlackElo "2249"]
[Annotator "TA"]
[PlyCount "98"]
[EventDate "2020.12.10"]
[EventType "tourn"]
[EventCountry "COL"]
[SourceTitle "playchess.com"]
[Source "ChessBase"]
[SourceQuality "1"]

{[%evp 9,98,0,1,-2,8,0,15,-35,-17,-28,-25,-63,-71,-73,-45,-62,-70,-50,-45,-58,-24,-39,-37,-29,-27,-25,-47,-34,-38,-56,-56,-57,-57,-56,-56,-56,-56,-56,-56,-57,-57,-57,-57,-57,-57,-57,-57,-62,-56,-56,-56,-56,-52,-52,-52,-52,-39,-30,-18,-9,-12,-16,0,0,0,0,0,0,0,0,0,0,0,0,0,0,0,0,0,0,0,-275,0,-248,0,-1033,133,-29978,0,-847,-304]} 1. e4 c5 2. Nf3 d6 3. c4 Bg4 4. d4 cxd4 5. Qxd4 Nc6 6. Qd1 {B50: Sicilian: 2...d6, Miscellaneous.} Nf6 7. Nc3 g6 8. h3 {The position is equal.} Bxf3 9. Qxf3 Bg7 {[#]} 10. Bd3 $146 ({Predecessor:} 10. Be2 O-O 11. O-O Nd4 12. Qd3 Nd7 13. Bd1 Ne5 14. Qg3 Nxc4 15. b3 Ne5 16. f4 {1-0 (36) Perez,M (2417)-Antonova,N (1877) Chess.com INT 2020}) 10... Rc8 11. Rb1 O-O 12. O-O Nd7 13. Nb5 {[%cal Bc3b5,Bb5a3,Ba3c2][%mdl 32]} a6 14. Na3 $1 Nde5 15. Qd1 Nb4 16. Be2 Nxa2 17. Bd2 Nc6 18. Qa4 a5 19. Nc2 {[#]} Nab4 $1 {[%mdl 512]} 20. Bxb4 (20. Nxb4 axb4) 20... axb4 21. Nxb4 Ra8 22. Nxc6 Rxa4 23. Nxd8 Rxd8 24. Rfd1 Rda8 25. Rd5 Ra1 26. Rxa1 Rxa1+ $15 {[%mdl 4096] Endgame KRB-KRB} 27. Rd1 Ra2 28. Rd2 b6 29. g3 Kf8 30. Kg2 Ke8 ({Inferior is} 30... Bxb2 31. e5 $1 $16 {[%mdl 512]}) 31. Bd1 Kd7 ({Avoid the trap} 31... Bxb2 $2 32. Bb3 $18) 32. Bb3 Ra1 33. f4 Kc6 34. c5 bxc5 {...e6 is the strong threat.} 35. Bxf7 Kb5 36. b3 Kb4 37. Rc2 Bc3 38. Bg8 Ra8 39. Bd5 Ra3 40. Kf3 Bd4 41. h4 Rxb3+ (41... Ra1 {looks sharper.} 42. Bg8 h6 43. Rc4+ Kb5 44. Bf7 Re1) 42. Bxb3 Kxb3 $11 {KR-KB} 43. Rg2 c4 {And now ...c3 would win.} 44. Ke2 $1 Kc2 45. Ke1+ $2 {[%mdl 8192]} (45. g4 $11 {and White is okay.}) 45... Kc1 $2 (45... Kd3 $19 {Threatens to win with ...c3.} 46. f5 Kxe4 47. fxg6 hxg6) 46. Ra2 $2 (46. g4 $11 {and White stays safe.}) 46... c3 $2 (46... Bb2 $1 $19 {White must now prevent ...c3.} 47. Ra7 c3 48. Rxe7 c2) 47. Ke2 $2 {[%mdl 8192]} (47. Ra4 $11 Bb6 48. Rc4) 47... Kb1 $2 ({Black should try} 47... c2 $1 $19 48. Kd3 Bb2) 48. Ke1 $2 {[%mdl 8192]} (48. Ra4 $16 Bf6 49. Rc4) 48... Kc1 $2 (48... Kxa2 {mates} 49. Ke2 Bc5 50. Kf3 c2 51. Kg4 c1=Q 52. Kg5 {[#]} Qe3 $1 {[%mdl 512]} 53. e5 Qxg3+ 54. Kh6 Qxf4+ 55. Kg7 Bd4 $1 {[%mdl 512]} 56. h5 Bxe5+ 57. Kg8 gxh5 58. Kxh7 Qf7+ 59. Kh6 Bf4#) 49. Rh2 $2 {[%mdl 8192]} (49. Ke2 $11) 49... h5 $2 {[%mdl 32768] Weighted Error Value: White=0.69/Black=0.65. An unexpected result.} (49... c2 50. Rh1 Kb2) 1/2-1/2

[Event "Colombia Tierra de Atletas-B 2020"]
[Site "Medellin"]
[Date "2020.12.17"]
[Round "11.3"]
[White "Malka, Samuel"]
[Black "Pazos Gambarrotti, Plinio"]
[Result "1/2-1/2"]
[WhiteElo "2203"]
[BlackElo "2109"]
[Annotator "TA"]
[PlyCount "109"]
[EventDate "2020.12.10"]
[EventType "tourn"]
[EventCountry "COL"]
[SourceTitle "playchess.com"]
[Source "ChessBase"]
[SourceQuality "1"]

{[%evp 15,109,12,22,24,43,57,108,108,105,108,104,94,131,154,133,115,179,131,122,121,99,12,102,58,77,81,64,76,78,20,32,33,54,61,84,77,77,21,71,66,75,77,76,50,59,27,40,14,18,0,0,-4,-5,-6,-6,-6,0,0,0,0,0,0,0,-3,0,0,0,0,0,0,0,0,0,0,0,0,0,0,12,0,12,0,12,0,12,0,12,0,0,0,13,0,13,13,13,0]} 1. d4 Nf6 2. c4 e6 3. g3 d5 4. Nf3 Be7 5. Bg2 O-O 6. O-O dxc4 7. Qc2 a6 8. a4 $1 {8.a4 scores better than 8.Qxc4.} Nbd7 9. Rd1 {E05: Open Catalan: 5 Nf3 Be7.} c5 10. Nbd2 Qc7 ({Better is} 10... b6 $14) 11. Nxc4 $16 {White is better.} cxd4 12. Bf4 Qc5 13. Nxd4 {[#]} Nd5 $146 ({Predecessor:} 13... Nb6 14. Nxb6 Qxb6 15. a5 Qc5 16. Qxc5 Bxc5 17. Nb3 Ba7 18. Bd6 Re8 19. Bc5 Nd7 20. Bxa7 Rxa7 {1-0 (40) Loos,R (2367)-Heika,M (2254) Bayern 2016}) 14. Nb3 Qa7 15. Bd2 N7f6 (15... N7b6 $16) 16. e4 Nb4 17. Qc3 Ng4 {[#]} 18. Rf1 (18. Be1 $1 $16) 18... Nc6 (18... Rd8 $1 $11 {keeps the balance.}) 19. Qc2 Nce5 20. Nxe5 Nxe5 21. Be3 Qb8 22. Qe2 (22. Bb6 $16 {Bc7 is the strong threat.} Bd7 23. f4) 22... Nc6 23. f4 Bd7 24. Rfd1 Be8 25. e5 Nb4 {[#]} 26. Nd4 (26. Nc5 $1 $16) 26... Nc6 27. Rac1 Nxd4 28. Rxd4 ({Much weaker is} 28. Bxd4 Bxa4 29. Re1 Bb4 $15) 28... a5 29. Rdc4 {Strongly threatening Rc7.} Bc6 30. Bxc6 bxc6 31. Rxc6 Qb3 $1 {The position is equal.} 32. R6c4 Bb4 33. Bc5 Bxc5+ 34. Rxc5 Qxa4 35. Qc4 Qxc4 36. R1xc4 $11 {[%mdl 4096] Endgame KRR-KRR} Rfb8 37. Ra4 g6 38. Ra2 Rb3 39. Kg2 a4 40. Rc4 a3 41. bxa3 Rbxa3 42. Rxa3 Rxa3 {KR-KR} 43. g4 Kg7 44. h3 h5 45. Rc7 hxg4 46. hxg4 Kf8 47. Rc5 Rb3 48. Kf2 Ra3 49. Rc4 Rb3 50. Re4 Ra3 51. Re3 Ra4 52. Kg3 Kg7 53. Rb3 Re4 54. Kf3 Re1 55. Rb5 {Weighted Error Value: White=0.14/Black=0.13} 1/2-1/2

[Event "Colombia Tierra de Atletas-B 2020"]
[Site "Medellin"]
[Date "2020.12.17"]
[Round "11.4"]
[White "Morales, Jhon Alexander"]
[Black "Hernandez Sanchez, Jairo Andres"]
[Result "1-0"]
[WhiteElo "2400"]
[BlackElo "2394"]
[Annotator "TA"]
[PlyCount "57"]
[EventDate "2020.12.10"]
[EventType "tourn"]
[EventCountry "COL"]
[SourceTitle "playchess.com"]
[Source "ChessBase"]
[SourceQuality "1"]

{[%evp 16,57,24,18,44,43,38,24,43,28,125,128,173,160,103,120,197,156,238,208,533,532,508,510,29981,29982,29982,29983,29982,29983,3083,3036,2537,2508,1912,1090,1878,1087,1089,1066,1042,1010,29984,1497]} 1. e4 c5 2. Nf3 Nc6 3. d4 cxd4 4. Nxd4 e5 5. Nb5 d6 6. N1c3 a6 7. Na3 b5 8. Nd5 Nce7 9. Bg5 f6 {B32: Sicilian: Löwenthal and Kalashnikov Variations.} 10. Be3 {Threatens to win with Bb6.} Nxd5 11. Qxd5 Rb8 $1 {White has an edge.} 12. Qb3 {[#]} f5 $146 (12... Bb7 $11 {remains equal.}) ({Predecessor:} 12... Qc7 13. Nb1 Bd7 14. Nc3 Ne7 15. O-O-O Bc6 16. a3 Nc8 17. Nd5 Bxd5 18. Rxd5 Nb6 {1-0 (36) Timofeev,A (2555)-Potapov,P (2476) Khanty-Mansiysk 2015}) 13. Bc4 $1 $16 {[%cal Rc4g8]} Nf6 14. Bf7+ Ke7 {next ...f4 is good for Black.} 15. O-O-O $1 {Black must now prevent f4.} f4 (15... g6 $16) 16. Bxf4 $1 $18 exf4 {[#]} (16... Qc7 $16) 17. e5 $1 $40 {[%mdl 640] White attacks with force.} Ne4 $2 (17... d5) (17... dxe5 18. Rxd8) 18. Rhe1 $1 {[%cal Re1e4]} Nc5 19. Qd5 $1 {[%cal Re5d6]} ({Worse is} 19. exd6+ Kf6 $14) 19... Bb7 (19... g6 $18 20. exd6+ Kf6) 20. exd6+ Kf6 {[#]} 21. Re6+ $1 {[%mdl 512]} Kxf7 (21... Nxe6 22. Qxe6+) 22. Re7+ $1 Kg6 23. Qf7+ {[%mdl 64] Double Attack} Kh6 24. Qxf4+ g5 25. Qf6+ {[%mdl 64] Double Attack} Kh5 26. Qxh8 h6 {[#]} 27. Qf6 $1 {[%mdl 512]} Bxe7 28. dxe7 {[%mdl 64] Discovered Attack} Qe8 29. Rd8 {Weighted Error Value: White=0.00/Black=1.10} (29. h3 $142 Qc6 30. Rd6 Nd3+ {[#]} 31. Kb1 $1 {[%mdl 512]} Qxd6 32. Qxd6 Nxf2 33. Qxb8 Bc6 34. Qc8 $1 {[%mdl 576] Double Attack}) 1-0

[Event "Colombia Tierra de Atletas-B 2020"]
[Site "Medellin"]
[Date "2020.12.17"]
[Round "11.5"]
[White "Soto, Miguel Angel"]
[Black "Brizuela Abreu, Ronald Jesus"]
[Result "1-0"]
[WhiteElo "2273"]
[BlackElo "2361"]
[Annotator "TA"]
[PlyCount "163"]
[EventDate "2020.12.10"]
[EventType "tourn"]
[EventCountry "COL"]
[SourceTitle "playchess.com"]
[Source "ChessBase"]
[SourceQuality "1"]

{[%evp 10,163,25,6,93,43,55,34,41,40,51,36,41,26,26,35,23,22,54,58,39,-75,-97,-139,0,0,0,0,0,0,62,71,420,165,179,165,168,87,117,7,11,0,4,15,26,-20,-30,-35,0,-52,-40,-46,-56,-52,-52,-48,-59,-61,0,-81,7,0,0,0,9,8,13,13,19,15,27,21,22,13,25,16,19,13,53,47,20,0,30,28,22,0,83,91,189,185,206,118,118,82,89,0,0,0,0,0,0,0,0,7,158,17,316,288,304,301,339,314,457,286,279,266,284,273,323,334,613,629,641,625,854,772,687,696,1013,998,759,849,869,810,732,477,633,477,1722,1594,29974,29975,29979,29980,29980,29981,29981,29982,29982,29983,29986,29987,29987,29988,29988,29989]} 1. e4 e6 2. d4 d5 3. Nc3 Nf6 4. Bg5 Be7 5. e5 Nfd7 6. Bxe7 Kxe7 {C14: French: Classical System: 4 Bg5 Be7 main line.} (6... Qxe7 $11 7. f4 O-O) 7. Qg4 {Qg5+ is the strong threat.} Kf8 8. f4 {[#]} a6 $146 {White is slightly better.} ({Predecessor:} 8... f5 9. exf6 Nxf6 10. Qh4 c5 11. Nf3 cxd4 12. Nxd4 Qb6 13. O-O-O Nc6 14. Qf2 Nxd4 15. Rxd4 {1-0 (55) Nadeev,S (2353)-Gurin,A (2184) Tula 2004}) 9. Nf3 c5 10. dxc5 Nc6 11. O-O-O Nxc5 12. f5 exf5 13. Qf4 Be6 14. Bc4 $1 {[%cal Rc4d5]} Ne7 15. b4 (15. g4 $14 {stays ahead.}) 15... Ne4 $17 16. Nxe4 Ng6 (16... fxe4 $17 17. Nd4 Kg8) 17. Qg3 $1 $11 {Black must now prevent Nc5.} fxe4 18. Ng5 $1 {And now Rhf1 would win.} Rc8 19. Rhf1 Kg8 (19... Ke7 $1 $11 20. Bxd5 Bxd5 21. Nxf7 Bxf7 22. Rxd8 Rcxd8) 20. Bb3 $1 $14 Rc6 $2 {[%mdl 8192] [#]} (20... Qc7 $2 21. Nxe6 fxe6 22. Rxd5 $1 $18 {[%mdl 512]}) (20... Ne7 $16) 21. h4 $2 (21. Nxf7 $1 {[%mdl 512]} Bxf7 22. Rxf7 $1 {[%mdl 576] Remove Defender} Kxf7 23. Bxd5+ Qxd5 24. Rxd5) 21... Ne7 $18 {[#]} 22. Nxe4 $1 {[%mdl 576] Pin} Qc7 (22... dxe4 23. Rxd8#) 23. Nc5 (23. Nf6+ $6 Kf8 $14) (23. Nd6 $18 Rc3 24. Qf2) 23... h5 24. Rf2 (24. Nxe6 $16 fxe6 25. Qf3) 24... Rh6 25. Rdf1 Rxc5 26. bxc5 Qxc5 27. Kb2 Rg6 28. Qd3 Rg4 {[%mdl 1024] Black has compensation.} 29. g3 (29. Rf4 $11) 29... Nc6 $15 30. Re2 Na5 31. Rf4 Nc4+ 32. Bxc4 dxc4 33. Qc3 $1 Rg6 (33... Rxf4 $15 34. gxf4 Qb6+ 35. Ka3 Qg1) 34. a3 (34. Re3 $11 {keeps the balance.}) 34... Bd5 (34... Qb6+ $1 $17 35. Qb4 Qg1) 35. Re1 Rb6+ 36. Kc1 Be6 37. Rd4 Rb5 38. Rd8+ Kh7 39. Qf3 {[%cal Rf3h5]} Bg4 40. Qe3 (40. Qxf7 {is a self mate.} Qxa3+ 41. Kd2 Qa5+ 42. Ke3 Qxe1+ 43. Kd4 Qxe5+ 44. Kxc4 Be2+ 45. Rd3 Qc5#) 40... Qe7 41. Rd6 Be6 42. Qd4 Qc7 43. Re3 Rc5 44. Qe4+ Kg8 45. Qd4 Qa5 46. Rd8+ Kh7 47. Rb8 Rc7 (47... Rd5 $11 48. Qe4+ g6 49. Rxb7 c3) 48. Rxb7 $1 $16 ({Don't go for} 48. Qd8 $2 c3 $19) 48... Rc8 (48... Rxb7 $16 49. Qe4+ {[%mdl 64] Double Attack} g6 50. Qxb7 Qc5) 49. Rb6 $1 $18 Rc5 50. Rd6 (50. Rxa6 $18 Qb5 51. Qd6) 50... Rb5 $16 51. Qe4+ g6 52. Qd4 (52. g4 $1 $16 Bxg4 53. Qxc4) 52... Qc7 $1 $11 53. Rxa6 Qb7 54. Rxe6 $1 fxe6 55. Qxc4 {[%mdl 4096] Endgame aiming for Rb3. KQR-KQR} Qh1+ 56. Kd2 Qg2+ $2 {[#] White leaves nothing to chance now.} ({Better is} 56... Rb1 $1 $11) 57. Kc3 ({White has to play} 57. Qe2 $1 $16 {[%cal Re2g2]} Qb7 58. Qf3) 57... Rb7 $2 {[%mdl 8192]} (57... Qb7 $1 $11 {and Black has nothing to worry.}) 58. Qe4 $18 Rc7+ {[#]} 59. Kb2 $1 Qd2 60. Rb3 Qa5 (60... Kg7 {might work better.} 61. a4 Qa5) 61. Qd4 {Cut Off at move 61} Qa6 62. Qd3 Qa4 63. Rb4 Qc6 64. g4 Qc5 $2 (64... Rd7 65. Qc3 Qd5 66. gxh5 gxh5) 65. Rb5 Qc4 66. gxh5 Qxd3 67. cxd3 gxh5 {KR-KR} 68. Rb6 Re7 69. d4 Kg6 70. d5 Kf5 71. Rxe6 Rd7 72. Rh6 Rxd5 73. e6 Kg4 (73... Rd4 $142 74. e7 (74. Rxh5+ Kxe6 75. Kb3 Rd3+ 76. Kb4 Rd4+ 77. Kb5 Kd6 $18) 74... Re4 75. Rxh5+ Kg6) 74. Rg6+ Kxh4 75. e7 {White mates.} Re5 76. Rg7 Kh3 77. a4 {[%cal Ba3a4,Ba4a5,Ba5a6,Ba6a7][%mdl 32]} Kh2 {[#]} 78. a5 $1 {[%mdl 512]} h4 (78... Rxa5 79. e8=Q) 79. a6 Rb5+ 80. Kc3 Rb8 81. Rf7 Re8 82. a7 {Weighted Error Value: White=0.31/Black=0.37} 1-0